Online
Catalog

Nahrung und Nahrungsgewinnung im vorspanischen Peru. (Record no. 1294)

MARC details
000 -CABECERA
campo de control de longitud fija 00722cam a2200217u 4500
001 - NÚMERO DE CONTROL
campo de control 000001370
005 - FECHA Y HORA DE LA ÚLTIMA TRANSACCIÓN
campo de control 20200929145545.0
008 - DATOS DE LONGITUD FIJA--INFORMACIÓN GENERAL
campo de control de longitud fija 841025s1960 gw abf 000 0 ger
010 ## - NÚMERO DE CONTROL DE LA BIBLIOTECA DEL CONGRESO
Número de control de LC 70248203
040 ## - FUENTE DE LA CATALOGACIÓN
Centro catalogador/agencia de origen DO-SdBNP
Centro/agencia transcriptor CarP
Centro/agencia modificador DLC
043 ## - CÓDIGO DE ÁREA GEOGRÁFICA
Código de área geográfica s-pe---
050 00 - SIGNATURA TOPOGRÁFICA DE LA BIBLIOTECA DEL CONGRESO
Número de clasificación F3429.3.F65
Número de documento/Ítem H615
100 1# - ENTRADA PRINCIPAL--NOMBRE DE PERSONA
Nombre de persona Horkheimer, Hans. [from old catalog]
9 (RLIN) 4587
245 10 - MENCIÓN DE TÍTULO
Título Nahrung und Nahrungsgewinnung im vorspanischen Peru.
260 ## - PUBLICACIÓN, DISTRIBUCIÓN, ETC.
Lugar de publicación, distribución, etc. Berlin, :
Nombre del editor, distribuidor, etc. Colloquium Verlag,
Fecha de publicación, distribución, etc. 1960.
300 ## - DESCRIPCIÓN FÍSICA
Extensión 155 p. :
Otras características físicas illus., plates, fold. map. ;
Dimensiones 21 cm.
650 #0 - PUNTO DE ACCESO ADICIONAL DE MATERIA--TÉRMINO DE MATERIA
Término de materia o nombre geográfico como elemento de entrada Indians of south america
Subdivisión general Food
Subdivisión geográfica Peru.
9 (RLIN) 4588
830 #0 - PUNTO DE ACCESO ADICIONAL DE SERIE-TÍTULO UNIFORME
Título uniforme Bibliotheca Ibero-americana, Bd.
Designación de volumen o secuencia 2. [from old catalog]
9 (RLIN) 4589
910 ## - DATOS DE OPCIÓN DEL USUARIO (OCLC)
Datos de opción del usuario Catalogación por copia / LC
910 ## - DATOS DE OPCIÓN DEL USUARIO (OCLC)
Datos de opción del usuario DC
Holdings
Estado de retiro Estado de pérdida Restricciones de uso No para préstamo Código de colección Localización permanente Ubicación/localización actual Ubicación en estantería Fecha de adquisición Número de inventario Total de préstamos Signatura topográfica completa Código de barras Fecha visto por última vez Precio válido a partir de Tipo de ítem Koha
    Préstamo interno   Monografías: Libros y Folletos General General Depósito 22.09.2009 LF1   1370-10 25.06.2020 25.06.2020 Préstamo interno

Powered by Koha